01477nam a2200409 i 450000100060000000300020000600500170000800600190002500700150004400800410005902000180010003500230011803500240014103500250016503500210019004000310021105000270024208200160026910000340028524501000031926400600041930000250047933600310050433700330053533800430056849000160061150000230062759001640065065000380081465000370085265500270088970000420091679700190095885600620097794200110103999900170105077800020241217151417.0m o d | cr cnu||||||||131111s2012 sp o 001 0 spa d z9788436954302 a(MiAaPQ)EBC3214540 a(Au-PeEL)EBL3214540 a(CaPaEBR)ebr10751181 a(OCoLC)865818800 aFINmELBbspaerdacFINmELB 4aQA76.73.J38bO651 20120 a005.1332231 aOrdax Cassá, José Miguel.10aProgramación web en java /cJosé Miguel Ordax Cassá, Pilar Aranzazu Ocaña Díaz Ufano. 1aMadrid :bMinisterio de Educación de España,c2012. a1 recurso en línea atextobtxt2rdacontent/spa acomputadorabc2rdamedia/spa arecurso en líneabcr2rdacarrier/spa0 aAula mentor aContiene índice. aRecurso electrónico. Santa Fe, Arg.: e-libro, 2015. Disponible vía World Wide Web. El acceso puede estar limitado para las bibliotecas afiliadas a e-libro. 4aJava (Lenguaje de programación) 0aJava (Computer program language) 4aLibros electrónicos.1 aAranzazu Ocaña Díaz Ufano, Pilar.2 ae-libro, Corp.40uhttps://elibro.net/ereader/politecnicointernacional/49347 cLIBROS c77800d77800